[Event "Moscow op-E"]
[Site "Moscow"]
[Date "2011.02.06"]
[Round "9"]
[White "Mamedov, Renat"]
[Black "Malyshev, Roman B"]
[Result "1/2-1/2"]
[WhiteElo "1774"]
[BlackElo "1804"]
[PlyCount "112"]
[EventDate "2011.01.29"]
[EventType "swiss"]
[EventRounds "9"]
[EventCountry "RUS"]
[SourceTitle "EXT 2022"]
[Source "ChessBase"]
[SourceDate "2021.10.06"]
[SourceVersion "1"]
[SourceVersionDate "2021.10.06"]
[SourceQuality "1"]

1. d4 g6 2. c4 Bg7 3. g3 d6 4. Bg2 e5 5. e3 Nc6 6. Ne2 f5 7. 0-0 Nf6 8. Nbc3 0-0 9. Rb1 Ne7 10. Qb3 Kh8 11. dxe5 dxe5 12. Rd1 Qe8 13. Nb5 Qf7 14. Nxc7 Rb8 15. Nd5 Be6 16. Nec3 Rfd8 17. Nxe7 Qxe7 18. Nd5 Qf7 19. e4 Nxe4 20. Bxe4 fxe4 21. Be3 b6 22. Rd2 Bh3 23. Bg5 Rf8 24. Qe3 Qf3 25. Qxf3 exf3 26. Rbd1 h6 27. Be7 Rf7 28. Bb4 Re8 29. Nc3 Rc7 30. Ne4 g5 31. b3 Kh7 32. Rd6 Rf7 33. Rc6 Rb8 34. Ba3 Bf5 35. Nc3 Rbb7 36. Nd5 Rbd7 37. Re1 b5 38. g4 Bxg4 39. Ne3 Bh3 40. cxb5 Rb7 41. Nc4 Rf4 42. Ne3 Rxb5 43. Rc7 Ra5 44. Bb2 Kg6 45. b4 Rxa2 46. Rxg7+ Kxg7 47. Bxe5+ Kf7 48. Bxf4 gxf4 49. Nd5 Re2 50. Ra1 Re4 51. b5 Ke6 52. b6 axb6 53. Nxb6 Rb4 54. Na4 Rb5 55. Nc3 Rg5+ 56. Kh1 Bg2+ 1/2-1/2

[Event "Moscow op-E"]
[Site "Moscow"]
[Date "2011.02.03"]
[Round "6.2"]
[White "Malyshev, Roman B"]
[Black "Bae, Junggi"]
[Result "0-1"]
[WhiteElo "1804"]
[BlackElo "1673"]
[PlyCount "98"]
[EventDate "2011.01.29"]
[EventType "swiss"]
[EventRounds "9"]
[EventCountry "RUS"]
[SourceTitle "EXT 2022"]
[Source "ChessBase"]
[SourceDate "2021.10.06"]
[SourceVersion "1"]
[SourceVersionDate "2021.10.06"]
[SourceQuality "1"]

1. Nf3 d5 2. d4 Nf6 3. e3 e6 4. Bd3 c5 5. c3 Nc6 6. Nbd2 Bd6 7. dxc5 Bxc5 8. 0-0 0-0 9. Re1 Qc7 10. b4 Bd6 11. h3 a6 12. e4 dxe4 13. Nxe4 Nxe4 14. Bxe4 Rd8 15. Qb3 Ne5 16. Nd4 Bd7 17. Bg5 Re8 18. f4 Ng6 19. Bxg6 hxg6 20. Rf1 Rac8 21. Rac1 Qc4 22. Qd1 Qd5 23. Nb3 Bc6 24. Qg4 Bc7 25. c4 Qf5 26. Qxf5 exf5 27. Nd4 Be4 28. Rfe1 f6 29. Bh4 Bxf4 30. Rcd1 Rxc4 31. Nf3 Rxb4 32. Bf2 Rc8 33. Nh4 g5 34. Ng6 Kf7 35. Nxf4 gxf4 36. Rd7+ Kg6 37. h4 Rg8 38. Re2 f3 39. gxf3 Bxf3 40. Re3 Rb1+ 41. Kh2 Be4 42. Rg3+ Kh7 43. Ra3 f4 44. Bg1 Rb2+ 45. Bf2 Rxf2+ 46. Kg1 Rg2+ 47. Kf1 Rc8 48. Rd1 Rcc2 49. Ra4 Rh2 0-1

[Event "Moscow op-E"]
[Site "Moscow"]
[Date "2011.01.31"]
[Round "3.30"]
[White "Malyshev, Roman B"]
[Black "Uyanik, Mehmet"]
[Result "1-0"]
[WhiteElo "1804"]
[BlackElo "1719"]
[PlyCount "103"]
[EventDate "2011.01.29"]
[EventType "swiss"]
[EventRounds "9"]
[EventCountry "RUS"]
[SourceTitle "EXT 2022"]
[Source "ChessBase"]
[SourceDate "2021.10.06"]
[SourceVersion "1"]
[SourceVersionDate "2021.10.06"]
[SourceQuality "1"]

1. Nf3 c5 2. e3 Nf6 3. d4 e6 4. Bd3 Nc6 5. c3 d5 6. Nbd2 Bd6 7. 0-0 0-0 8. Qe2 e5 9. dxe5 Nxe5 10. Bc2 Bg4 11. h3 Bh5 12. g4 Bg6 13. Bxg6 Nxg6 14. Ne1 Re8 15. Qd1 Qe7 16. Ng2 Ne4 17. Nf3 Rad8 18. Bd2 Ng5 19. Nxg5 Qxg5 20. f4 Qe7 21. Rf3 c4 22. Qc2 Bc5 23. Raf1 Nh4 24. Nxh4 Qxh4 25. g5 Re4 26. Kg2 Qh5 27. Rg3 Rde8 28. Rff3 Qg6 29. Qc1 Qf5 30. h4 R4e6 31. h5 h6 32. gxh6 Rxh6 33. Rg5 Qd3 34. Kg3 Be7 35. Re5 f6 36. e4 Qe2 37. Rxd5 Qxe4 38. Rd4 Qf5 39. Qf1 Bc5 40. Qxc4+ Qe6 41. Qxc5 Qf7 42. Qd5 Re6 43. Re3 f5 44. Rxe6 Rxe6 45. Qd8+ Kh7 46. Rd6 Re2 47. Qg5 Qc7 48. Qxf5+ Kg8 49. Qd5+ Kh7 50. Qd3+ Kg8 51. Rd8+ Kf7 52. Rd7+ 1-0

[Event "RSSU-18 op"]
[Site "Moscow"]
[Date "2009.10.17"]
[Round "1"]
[White "Shmatkov, Mikhail"]
[Black "Malyshev, Roman B"]
[Result "1-0"]
[WhiteElo "2177"]
[BlackElo "1846"]
[PlyCount "77"]
[EventDate "2009.10.17"]
[EventType "swiss"]
[EventRounds "9"]
[EventCountry "RUS"]
[SourceTitle "EXT 2022"]
[Source "ChessBase"]
[SourceDate "2021.10.06"]
[SourceVersion "1"]
[SourceVersionDate "2021.10.06"]
[SourceQuality "1"]

1. e4 d6 2. d4 Nf6 3. Nc3 g6 4. f4 Bg7 5. Nf3 0-0 6. Be3 Nbd7 7. e5 Ng4 8. Bg1 dxe5 9. dxe5 e6 10. h3 Nh6 11. Qd2 Nf5 12. Bf2 Qe8 13. Nb5 Qd8 14. Nxa7 Rxa7 15. Bxa7 b6 16. 0-0-0 Ng3 17. Rg1 Nxf1 18. Rgxf1 Qe7 19. Nd4 Bb7 20. Nb5 Bc6 21. Nxc7 Rc8 22. Qd6 Qd8 23. Qxc6 Rxc7 24. Bxb6 Rxc6 25. Bxd8 Nc5 26. Be7 Nb7 27. Rd7 Rb6 28. Rfd1 h5 29. Rc7 Bh6 30. Kb1 Bxf4 31. Bf6 g5 32. Rdd7 Na5 33. Rc8+ Kh7 34. g4 hxg4 35. hxg4 Kg6 36. Rg8+ Kh6 37. Rd3 Be3 38. Rxe3 Rxb2+ 39. Kc1 1-0

[Event "Moscow op-B"]
[Site "Moscow"]
[Date "2009.02.01"]
[Round "3"]
[White "Malyshev, Roman B"]
[Black "Pechonkin, Oleg"]
[Result "1/2-1/2"]
[WhiteElo "1856"]
[BlackElo "1400"]
[PlyCount "97"]
[EventDate "2009.01.31"]
[EventType "swiss"]
[EventRounds "9"]
[EventCountry "RUS"]
[SourceTitle "EXT 2012"]
[Source "ChessBase"]
[SourceDate "2011.11.24"]
[SourceVersion "1"]
[SourceVersionDate "2011.11.24"]
[SourceQuality "1"]

1. d4 Nf6 2. c4 e5 3. dxe5 Ng4 4. Nf3 Nc6 5. g3 Ngxe5 6. Nxe5 Bb4+ 7. Bd2 Bxd2+ 8. Nxd2 Nxe5 9. Bg2 0-0 10. 0-0 d6 11. h3 Be6 12. Qc2 Qd7 13. f4 Nc6 14. f5 Nd4 15. fxe6 Nxc2 16. exd7 Nxa1 17. Rxa1 c6 18. Ne4 Rad8 19. Nxd6 Rxd7 20. c5 f5 21. Rf1 g6 22. b4 Re7 23. Bf3 Rb8 24. a4 Re5 25. Nc4 Re7 26. Rd1 Kg7 27. Kf2 h5 28. Rd6 Rf8 29. b5 cxb5 30. axb5 Rf6 31. Na5 b6 32. Rxf6 Kxf6 33. cxb6 axb6 34. Nc4 Re8 35. Nxb6 Ke6 36. Bc6 Rd8 37. Nc4 Rd4 38. Ne3 Kd6 39. Be8 f4 40. Ng2 fxg3+ 41. Kxg3 Re4 42. Bxg6 Rxe2 43. Bxh5 Re5 44. Nf4 Rxb5 45. Be2 Rb3+ 46. Kg4 Rb4 47. h4 Ke7 48. Kg5 Rxf4 49. Kxf4 1/2-1/2